Statistics for 2019 Top 25 NBA Free Agent Signings

Click here to take the quiz!

General Stats

  • This quiz has been taken 82 times
    (61 since last reset)
  • The average score is 20 of 25

Answer Stats

PlayerTeam signed with% Correct
Kawhi LeonardClippers
100%
Kemba WalkerCeltics
98%
Jimmy ButlerHeat
98%
Kyrie IrvingNets
98%
Kevin DurantNets
98%
Klay ThompsonWarriors
98%
Khris MiddletonBucks
87%
Nikola VucevicMagic
85%
Brook LopezBucks
83%
DeMarcus CousinsLakers
83%
Harrison BarnesKings
81%
Julius RandleKnicks
81%
Kristaps PorzingisMavericks
81%
Terry RozierHornets
80%
Patrick BeverleyClippers
78%
Paul MillsapNuggets
78%
D'Angelo RussellWarriors
76%
DeAndre JordanNets
74%
Malcolm BrogdonPacers
72%
Jonas ValanciunasGrizzlies
70%
Bojan BogdanovicJazz
67%
JJ RedickPelicans
61%
Al HorfordSixers
56%
Tobias HarrisSixers
56%
Marcus MorrisKnicks
52%

Score Distribution

Percentile by Number Answered

Percent of People with Each Score

Your Score History

You have not taken this quiz since the last reset